01316cam a22003255a 450000100090000000300090000900500170001800800410003502000180007604000380009408200200013210000350015224500640018725000190025126400440027030000300031433600260034433700280037033800270039849000450042550400520047065000300052265100100055265300380056265500240060094200120062499900170063695201690065395201680082218151474EG-ScBUE20220410110647.0140514s2015 enk f b 001 0 eng d a9780415534376 aDLCbengerdacDLCdDLCdEG-ScBUE04a401.41222bCUT1 aCutting, Joan,eauthor.94032510aPragmatics :ba resource book for students /cJoan Cutting. aThird edition. 1aLondon ;aNew York :bRoutledge,c2015. aviii, 298 pages ;c26 cm. 2rdacontentatextbtxt 2rdamediaaunmediatedbn 2rdacarrieravolumebnc0 aRoutledge English language introductions aIncludes bibliographical references and index.  7aPragmatics.2BUEsh937316 2BUEsh cJune2016cSeptember2016bHHUUEENN vReading book934232 2ddccBB c21956d21928 00102ddc40708BaccahaMAINbMAINc2NDd2016-06-26ePurchaseg337.00h25868l2m14o401.41 CUTp000032852r2025-07-15 00:00:00s2023-12-19v422.00w2016-06-26yBB 00102ddc40708BaccahaMAINbMAINc2NDd2016-09-04ePurchaseg357.00h26103l2m2o401.41 CUTp000033521r2025-07-15 00:00:00s2018-10-02v447.00w2016-09-04yBB